Webster's New World thesaurus. (Record no. 952)

000 -LEADER
fixed length control field 00676nam a2200205 a 4500
001 - CONTROL NUMBER
control field :::00014131$&:&@@
003 - CONTROL NUMBER IDENTIFIER
control field OkBaRHE
005 - DATE AND TIME OF LATEST TRANSACTION
control field 20100325145422.0
008 - FIXED-LENGTH DATA ELEMENTS--GENERAL INFORMATION
fixed length control field s1985 j 000 0 eng u
040 ## - CATALOGING SOURCE
Transcribing agency
100 1# - MAIN ENTRY--PERSONAL NAME
Personal name Laird, Charlton Grant, 1901-
245 10 - TITLE STATEMENT
Title Webster's New World thesaurus.
Statement of responsibility, etc Updated by William D. Lutz.
250 ## - EDITION STATEMENT
Edition statement Rev. ed.
260 ## - PUBLICATION, DISTRIBUTION, ETC. (IMPRINT)
Place of publication, distribution, etc New York, NY., :
Name of publisher, distributor, etc Simon and Schuster
Date of publication, distribution, etc 1985
300 ## - PHYSICAL DESCRIPTION
Extent ix, 854 p. ;
Dimensions 25 cm.
650 ## - SUBJECT ADDED ENTRY--TOPICAL TERM
Topical term or geographic name as entry element English Language
General subdivision Synonyms and Antonyms
700 ## - ADDED ENTRY--PERSONAL NAME
Personal name Lutz, William D.
942 ## - ADDED ENTRY ELEMENTS (KOHA)
Source of classification or shelving scheme
Koha item type Books
Copies
Date last seen Lost status Date acquired Copy number Collection code Source of classification or shelving scheme Withdrawn status Damaged status Not for loan Koha item type Price effective from Shelving location Full call number Barcode Permanent Location
2010-04-14 2010-04-141Reference    Books2010-04-14General StacksPE 1591 .L27 198514131RHEMA Bible Training College